Top notch : english for today's world with workbook, 3a. third edition /

Guardado en:
Autor Principal: Saslow, Joan
Otros Autores: Ascher, Allen
Formato: Libro
Publicado: New York : Pearson Longman, 2015.
Edición:3a. ed.
Materias:
Etiquetas: Agregar Etiqueta
Sin Etiquetas, Sea el primero en etiquetar este registro!
LEADER 00668nam a22002055a 4500
001 EHU.bham044283
003 AR-BHAM
005 20161005132349.0
008 130507s2015##################000#0#####d
020 |a 9780133810578 
082 4 2 |a 428.3 
100 1 |a Saslow, Joan 
245 1 0 |a Top notch :  |b english for today's world with workbook, 3a. third edition /  |c Joan Saslow, Allen Ascher 
250 |a 3a. ed. 
260 |a New York :  |b Pearson Longman,  |c 2015. 
300 |a p.aginación variada 
653 |a Inglés 
653 |a Inglés-enseñanza-aprendizaje del 
700 1 |a Ascher, Allen 
859 |a AR-BHAM  |b BIB. HUMANIDADES - General  |h 428.3  |i Sa78-2a3  |p 525.16  |t Ej.1  |v 3A-WB  |3 3A-WB